000 00507nam a2200193Ia 4500
005 20250423100155.0
008 250422s9999 xx 000 0 und d
020 _a9780323444194
050 _aRT 41 .I36/
100 _aIgnatavicius, Donna D.
245 0 _aMedical-surgical nursing: concepts for interprofessional collaborative care
250 _a9th ed.
260 _aMissouri
260 _bElsevier
260 _c2018
300 _a1518 p
650 _a Nursing. Surgical nursing.
942 _cBK
999 _c32500
_d32500